000 00354nam a2200133Ia 4500
008 231017s9999 xx 000 0 und d
082 _a625.7
082 _bPER
245 0 _aEvaluation of the Wisconsin DOT walking profiler
245 0 _cUS Department of Transportation
260 _bUS Department of Transportation
300 _c30cm
942 _cREP
999 _c605790
_d605790